| 000 | 01002nam a22003137a 4500 | ||
|---|---|---|---|
| 003 | CHAP | ||
| 005 | 20220329135726.0 | ||
| 008 | 971013s1976 r 00010 d | ||
| 010 | _a41137 | ||
| 011 | _a42109 | ||
| 035 | _a46236 | ||
| 040 | _cCHAP | ||
| 090 | _aFolleto 7088 | ||
| 100 | 0 | 0 |
_aMukammal, E. J. _979403 |
| 245 | _aReview of present knowledge of palnt injury by air pollution | ||
| 260 |
_aGeneva : _bWorld Meteorological Organization, _c1976 |
||
| 300 | _a27 p | ||
| 490 |
_aTechinical note _v; 147 |
||
| 590 |
_aBATCH-UPD _b10 _c20130110 _lUCH01 _h1954 |
||
| 590 |
_aBATCH-UPD _b10 _c20130410 _lUCH01 _h1315 |
||
| 590 |
_aCONVERSION _b10 _c20130109 _lUCH01 _h1323 |
||
| 650 | 1 | 4 |
_aAire _xContaminacion _xEfecto en plantas. _93144 |
| 650 | 1 | 4 |
_aCultivos _xEnfermedades. _930262 |
| 830 | 0 |
_aTechinical note _v; 147 _9111877 |
|
| 901 | _aBK | ||
| 942 | _cFOLL | ||
| 949 |
_aFolleto 7088 _bBC _cLIBRO _d-105379 _eTS1 _i46236 _si |
||
| 949 |
_aFolleto 7088 _bBC _cLIBRO _d-105380 _eTS2 _fc.2 _i46236 _si |
||
| 999 |
_c41137 _d41137 |
||